No juegues con gitanas /

Guardado en:
Autor Principal: Iepi, Rafael.
Formato: Libro
Idioma:Undetermined
Publicado: Rosario : Homo Sapiens, 2021.
Edición:2a ed.
Series:Ciudad y orilla
Materias:
Etiquetas: Agregar Etiqueta
Sin Etiquetas, Sea el primero en etiquetar este registro!
LEADER 01195nam a22002655a 4500
001 CEM.cems019023
008 211104s2021####ag############000#0#und#d
005 20221004164639.0
245 1 0 |a No juegues con gitanas /  |c Rafael Iepi. 
250 |a 2a ed. 
260 |a Rosario :  |b Homo Sapiens,  |c 2021. 
300 |a 112 p. 
490 1 |a Ciudad y orilla 
500 |a Edición para Ministerio de Educación de la Nación Argentina. 
505 0 |a No juegues con gitanas -- Bailando en la oscuridad -- Adios, hasta siempre, preciosidad -- La compañía estrena mañana -- Tributo a François -- Deuda pendiente -- Addio, Gradisca -- El flaco y su amigo el gordo -- I remember Charles -- Estampas japonesas -- Con ansias constantes -- En la Plaza de Linares -- Maratones -- Con las alas puestas -- Un mago en La Florida 
020 |a 9789877711011 
100 1 |a Iepi, Rafael. 
653 |a Literatura 
653 |a Literatura Argentina 
653 |a Cuento 
653 |a Cuentos Argentinos 
653 |a Literatura Juvenil 
653 |a Colección Leer Abre Mundos 
859 |a CEMS  |b BIB. CEMS - Agricultura  |h A868.4  |i Ie5  |p A3365.21  |t Ej.1 
859 |a CEMS  |b BIB. CEMS - 11 de abril  |h A868.4  |i Ie5  |p 29157.21  |t Ej. 1